Federal workforce: key talent management strategies for agencies to better meet their missions : report to congressional requesters /

Bibliographic Details
Corporate Author: United States. Government Accountability Office (Author)
Format: Government Document eBook
Language:English
Published: Washington, DC : United States Government Accountability Office, 2019.
Subjects:
Online Access:https://purl.fdlp.gov/GPO/gpo222071

MARC

Tag First Indicator Second Indicator Subfields
LEADER 00000nam a2200000 i 4500
001 in00004782513
006 m o d f
007 cr |||||||||||
008 210909s2019 dcua ob f000 0 eng c
005 20240315153346.3
035 |a (OCoLC)on1297872204 
040 |a XND  |b eng  |e rda  |e pn  |c XND  |d GPO  |d MvI 
042 |a pcc 
043 |a n-us--- 
049 |a WWW 
074 |a 0546-D (online) 
086 0 |a GA 1.13:GAO-19-181 
088 |a GAO-19-181 
110 1 |a United States.  |b Government Accountability Office,  |0 https://id.loc.gov/authorities/names/no2004066329  |e author. 
245 1 0 |a Federal workforce: key talent management strategies for agencies to better meet their missions : report to congressional requesters /  |c United States Government Accountability Office. 
246 1 7 |a GAO-19-181 Federal workforce 
264 1 |a Washington, DC :  |b United States Government Accountability Office,  |c 2019. 
300 |a 1 online resource (ii, 64 pages) :  |b color illustrations 
336 |a text  |b txt  |2 rdacontent 
337 |a computer  |b c  |2 rdamedia 
338 |a online resource  |b cr  |2 rdacarrier 
500 |a "March 2019." 
500 |a "GAO-19-181." 
500 |a In scope of the U.S. Government Publishing Office Catalog and Indexing Program (C&I) and Federal Depository Library Program (FDLP). 
500 |a GPO Cataloging Record Distribution Program (CRDP). 
504 |a Includes bibliographical references. 
588 |a Description based on online resource; title from PDF title page (GAO, viewed January 24, 2024). 
650 0 |a Human capital  |z United States  |x Management. 
650 0 |a Civil service  |z United States  |x Personnel management. 
650 0 |a Civil service  |z United States  |x Recruiting. 
856 4 0 |u https://purl.fdlp.gov/GPO/gpo222071  |t 0 
999 f f |s 38bd061f-2802-4a73-b7d6-4ec53ad737fb  |i 0742efa3-a552-48ac-a7c3-3876eba08ee9  |t 0 
952 f f |a Texas A&M University  |b College Station  |c Electronic Resources  |d Available Online  |t 0  |e GA 1.13:GAO-19-181  |h Superintendent of Documents classification 
998 f f |a GA 1.13:GAO-19-181  |t 0  |l Available Online